10 Najwyższych Gór Świata - Statystyki

Ogólne statystyki
  • Ten quiz został rozwiązany 13 razy
  • Średni wynik to 5 z 10
Statystyki odpowiedzi
Wysokość Góra % Poprawnych
8850m Mount Everest
100%
8611m K2
92%
8091m Annapurna
50%
8516m Lhotse
50%
8125m Nanga Parbat
50%
8586m Kanczendzonga
42%
8201m Czo Oju
33%
8485m Makalu
25%
8163m Manaslu
25%
8167m Dhaulagiri
17%
Nie znaleziono quizów pasujących do podanych kryteriów
Rozkład punktacji
Procent ludzi z każdym wynikiem
Percentyl według liczby udzielonych odpowiedzi
Twoja historia wyników
Nie rozwiązałeś tego quizu